[Event "Lloyds Bank op"]
[Site "London"]
[Date "1985.??.??"]
[Round "?"]
[White "Anand, Viswanathan"]
[Black "Nicholson, John G"]
[Result "1/2-1/2"]
[WhiteElo "2385"]
[BlackElo "2315"]
[PlyCount "70"]
[EventDate "1985.08.??"]
[Source "ChessBase"]

1. e4 c5 2. Nf3 e6 3. d4 cxd4 4. Nxd4 Nf6 5. Nc3 d6 6. f4 a6 7. Be2 Be7 8. O-O
O-O 9. Be3 Qc7 10. a4 Nc6 11. Kh1 Re8 12. Bd3 Bd7 13. Qf3 Nb4 14. g4 e5 15. Nf5
Bxf5 16. exf5 Qc6 17. h3 Bf8 18. Qxc6 bxc6 19. fxe5 dxe5 20. Rac1 Nfd5 21. Nxd5
cxd5 22. Be2 d4 23. Bd2 e4 24. Bc4 Rac8 25. b3 e3 26. Be1 d3 27. cxd3 Nxd3 28.
Rc2 e2 29. Rg1 Rxc4 30. Rxc4 Bc5 31. Rxc5 Nxc5 32. Bg3 h5 33. Kg2 hxg4 34. hxg4
Rd8 35. Re1 Rd3 1/2-1/2

[Event "Lloyds Bank op"]
[Site "London"]
[Date "1985.??.??"]
[Round "?"]
[White "Curtis, E."]
[Black "Anand, Viswanathan"]
[Result "0-1"]
[WhiteElo "2275"]
[BlackElo "2385"]
[PlyCount "84"]
[EventDate "1985.08.??"]
[Source "ChessBase"]

1. d4 Nf6 2. c4 g6 3. Nc3 Bg7 4. e4 d6 5. f3 a6 6. Be3 O-O 7. Nge2 c6 8. Qd2 b5
9. O-O-O Nbd7 10. g4 Nb6 11. Ng3 Be6 12. c5 dxc5 13. dxc5 Nbd7 14. g5 Ne8 15.
f4 Qa5 16. f5 b4 17. Nb1 gxf5 18. exf5 Bd5 19. Rg1 Be5 20. f6 e6 21. Bd3 Nxc5
22. Bxh7+ Kxh7 23. Qc2+ Kg8 24. Bxc5 b3 25. axb3 Bxb3 26. Qxb3 Qxc5+ 27. Qc2
Qe3+ 28. Nd2 Rb8 29. b3 Rb5 30. Rde1 Qd4 31. Nc4 Bf4+ 32. Kb1 Nd6 33. Ne2 Qxc4
34. Qxc4 Nxc4 35. Nxf4 Nd2+ 36. Kc2 Nf3 37. g6 Nxe1+ 38. Rxe1 Re8 39. Re3 Rf5
40. g7 Rxf6 41. Rh3 Re7 42. Nh5 Rh6 0-1

[Event "Lloyds Bank op"]
[Site "London"]
[Date "1985.??.??"]
[Round "?"]
[White "Shovel, Kenneth"]
[Black "Anand, Viswanathan"]
[Result "1/2-1/2"]
[WhiteElo "2280"]
[BlackElo "2385"]
[PlyCount "64"]
[EventDate "1985.08.??"]
[Source "ChessBase"]

1. d4 Nf6 2. c4 c5 3. d5 d6 4. Nc3 g6 5. e4 Bg7 6. Nf3 O-O 7. h3 e6 8. Bd3 exd5
9. exd5 Re8+ 10. Kf1 Na6 11. g4 Nc7 12. a4 a6 13. a5 Rb8 14. Bf4 b5 15. axb6
Rxb6 16. Qd2 Bd7 17. Kg2 Qb8 18. b3 Rxb3 19. Bxd6 Rxc3 20. Qxc3 Ne4 21. Bxc7
Qxc7 22. Qa5 Qf4 23. Rae1 Bxg4 24. Bxe4 Rxe4 25. Qd8+ Bf8 26. Ng5 Bf5 27. Rxe4
Bxe4+ 28. Nxe4 Qxe4+ 29. f3 Qe2+ 30. Kg3 Qe5+ 31. Kf2 Qd4+ 32. Kg2 Qb2+ 1/2-1/2

[Event "Arab Asian-ch"]
[Site "Doha"]
[Date "1986.??.??"]
[Round "?"]
[White "Anand, Viswanathan"]
[Black "Al Khateeb, Ahmed"]
[Result "1/2-1/2"]
[WhiteElo "2405"]
[BlackElo "2300"]
[PlyCount "90"]
[EventDate "1986.??.??"]
[Source "ChessBase"]
[SourceDate "2000.11.22"]

1. e4 c5 2. Nf3 e6 3. d4 cxd4 4. Nxd4 Nf6 5. Nc3 d6 6. g4 h6 7. Bg2 a6 8. h4
Qc7 9. g5 hxg5 10. hxg5 Rxh1+ 11. Bxh1 Nfd7 12. g6 Ne5 13. gxf7+ Qxf7 14. f4
Nec6 15. Be3 Nxd4 16. Qxd4 Nc6 17. Qd2 Qh5 18. Bg2 Bd7 19. Qf2 Be7 20. Bf3 Qh4
21. Qxh4 Bxh4+ 22. Ke2 Bf6 23. Rd1 Ke7 24. Na4 Rh8 25. Nb6 Rh2+ 26. Kf1 Bxb2
27. e5 Nxe5 28. fxe5 Bxe5 29. Nxd7 Kxd7 30. Rd2 Rxd2 31. Bxd2 d5 32. a4 Bb2 33.
Ke2 Kc6 34. Bh5 Kc5 35. Bg4 e5 36. Bc8 Kc6 37. Bb4 Bd4 38. Bf8 e4 39. Bg4 Be5
40. Ke3 g5 41. Be2 Bf4+ 42. Kd4 Bc7 43. Bb4 b5 44. axb5+ axb5 45. Bg4 Bb6+
1/2-1/2

[Event "Arab Asian-ch"]
[Site "Doha"]
[Date "1986.??.??"]
[Round "?"]
[White "Anand, Viswanathan"]
[Black "Kaabi, Mejdi"]
[Result "1/2-1/2"]
[WhiteElo "2405"]
[BlackElo "2300"]
[PlyCount "54"]
[EventDate "1986.??.??"]
[Source "ChessBase"]
[SourceDate "2000.11.22"]

1. e4 e5 2. Nf3 Nc6 3. Bc4 Bc5 4. c3 Nf6 5. b4 Bb6 6. d3 d6 7. Nbd2 O-O 8. O-O
h6 9. Bb3 a6 10. Nc4 Ba7 11. Ne3 Be6 12. Kh1 d5 13. exd5 Nxd5 14. Qd2 Re8 15.
Nc4 Bg4 16. Ne1 Nxc3 17. Ne3 Bc8 18. a4 Bxe3 19. Bxf7+ Kxf7 20. fxe3+ Kg8 21.
Qxc3 Qd5 22. Bb2 Bg4 23. h3 Be6 24. Nf3 Rad8 25. Nxe5 Nxe5 26. Qxe5 Qxe5 27.
Bxe5 Rxd3 1/2-1/2

[Event "Arab Asian-ch"]
[Site "Doha"]
[Date "1986.??.??"]
[Round "?"]
[White "Hakki, Imad"]
[Black "Anand, Viswanathan"]
[Result "1-0"]
[WhiteElo "2325"]
[BlackElo "2405"]
[PlyCount "91"]
[EventDate "1986.??.??"]
[Source "ChessBase"]
[SourceDate "2000.11.22"]

1. e4 c5 2. Nf3 e6 3. d4 cxd4 4. Nxd4 a6 5. Bd3 Ne7 6. c4 Nbc6 7. Nxc6 dxc6 8.
f4 Ng6 9. e5 Qd4 10. Be2 Bb4+ 11. Nc3 c5 12. Qxd4 cxd4 13. a3 dxc3 14. axb4
cxb2 15. Bxb2 Nxf4 16. g3 Nxe2 17. Kxe2 Bd7 18. b5 Rb8 19. bxa6 bxa6 20. Ba3
Rc8 21. Bd6 Rc6 22. Rhb1 Bc8 23. Rb8 Kd7 24. c5 Rd8 25. Ke3 f5 26. h4 Ke8 27.
Ra8 Rd7 28. Rb1 Kd8 29. h5 Rf7 30. Kf4 h6 31. Ke3 Rd7 32. Rb4 Rf7 33. Kf4 Rd7
34. Rb2 Rf7 35. Rb3 Rd7 36. Ke3 Rf7 37. Rb1 Rd7 38. Kf4 Rf7 39. Rbb8 Rd7 40.
Ke3 Rf7 41. Rb4 Rd7 42. Kd4 Rf7 43. Rb6 Rxb6 44. cxb6 Rb7 45. Kc5 Kd7 46. Bf8
1-0

[Event "Bhilwara"]
[Site "New Delhi"]
[Date "1986.??.??"]
[Round "?"]
[White "Anand, Viswanathan"]
[Black "Tilak, Sharad S"]
[Result "1/2-1/2"]
[WhiteElo "2405"]
[BlackElo "2260"]
[PlyCount "84"]
[EventDate "1986.??.??"]
[Source "ChessBase"]
[SourceDate "1998.11.10"]

1. e4 c5 2. Nf3 d6 3. d4 cxd4 4. Nxd4 Nf6 5. Nc3 a6 6. a4 e6 7. Bc4 Be7 8. O-O
O-O 9. Be3 Qc7 10. Bb3 Nc6 11. Qe2 Bd7 12. Rad1 Na5 13. Ba2 Rac8 14. Kh1 Nc4
15. Bc1 Qc5 16. f4 b5 17. axb5 axb5 18. e5 dxe5 19. fxe5 Nxe5 20. Ndxb5 Bxb5
21. Nxb5 Qxc2 22. Qxc2 Rxc2 23. Nd4 Rcc8 24. Nxe6 fxe6 25. Bxe6+ Kh8 26. Bxc8
Rxc8 27. Bf4 Ng6 28. Bd6 Bxd6 29. Rxd6 h5 30. Rd2 Nf4 31. Rd4 Ne6 32. Rd2 Nf4
33. Rd4 Ne6 34. Rd2 Rc4 35. Kg1 Ne4 36. Rd5 Nf6 37. Rd2 Nc5 38. Rdd1 Rb4 39.
Rd2 Na4 40. Rb1 Ne4 41. Rc2 Rb3 42. Re1 Nac5 1/2-1/2

[Event "Bhilwara"]
[Site "New Delhi"]
[Date "1986.??.??"]
[Round "?"]
[White "Makarichev, Sergey"]
[Black "Anand, Viswanathan"]
[Result "1-0"]
[WhiteElo "2495"]
[BlackElo "2405"]
[PlyCount "59"]
[EventDate "1986.??.??"]
[Source "ChessBase"]
[SourceDate "1998.11.10"]

1. c4 Nf6 2. Nc3 d6 3. g3 e5 4. Bg2 c6 5. d4 Be7 6. e3 O-O 7. Nge2 Re8 8. O-O
Nbd7 9. h3 a6 10. g4 Nf8 11. f4 exf4 12. exf4 h6 13. Ng3 Ng6 14. g5 hxg5 15.
fxg5 Nh7 16. h4 Nxh4 17. Qh5 Nxg5 18. Bxg5 Bxg5 19. Qxf7+ Kh8 20. Qh5+ Bh6 21.
Nce4 Re6 22. Rf7 Nxg2 23. Kxg2 Re7 24. Ng5 Bg4 25. Qxg4 Bxg5 26. Rh1+ Kg8 27.
Rf5 Bf6 28. Rxf6 Re2+ 29. Qxe2 Qxf6 30. Qh5 1-0

[Event "Bhilwara"]
[Site "New Delhi"]
[Date "1986.??.??"]
[Round "?"]
[White "Meetei, Anathem B"]
[Black "Anand, Viswanathan"]
[Result "0-1"]
[WhiteElo "2320"]
[BlackElo "2405"]
[PlyCount "62"]
[EventDate "1986.??.??"]
[Source "ChessBase"]
[SourceDate "1998.11.10"]

1. e4 c5 2. Nf3 e6 3. d4 cxd4 4. Nxd4 Nf6 5. Bd3 Nc6 6. Nxc6 bxc6 7. O-O d5 8.
Nd2 e5 9. c4 d4 10. Nf3 Qc7 11. Bd2 a5 12. Ne1 Bd6 13. Rc1 O-O 14. f3 Rb8 15.
Rb1 Be6 16. a3 c5 17. Qa4 Ra8 18. Be2 Nd7 19. Qc2 a4 20. g3 Qb7 21. f4 Nf6 22.
Nd3 Nxe4 23. fxe5 Nxd2 24. Qxd2 Be7 25. Bf3 Qb3 26. Bxa8 Rxa8 27. Qd1 Bxc4 28.
Qxb3 axb3 29. Rfd1 Bxd3 30. Rxd3 c4 31. Rdd1 Bg5 0-1

[Event "Bhilwara"]
[Site "New Delhi"]
[Date "1986.??.??"]
[Round "?"]
[White "Palatnik, Semon"]
[Black "Anand, Viswanathan"]
[Result "1/2-1/2"]
[WhiteElo "2460"]
[BlackElo "2405"]
[PlyCount "91"]
[EventDate "1986.??.??"]
[Source "ChessBase"]
[SourceDate "1998.11.10"]

1. d4 Nf6 2. Nf3 d6 3. c4 g6 4. Nc3 Bg7 5. e4 O-O 6. Be2 Nbd7 7. O-O e5 8. d5
Nc5 9. Qc2 a5 10. Bg5 h6 11. Be3 b6 12. Nd2 Nh7 13. a3 f5 14. f3 a4 15. Bxc5
bxc5 16. Nxa4 h5 17. Nc3 Bh6 18. Rae1 h4 19. Nd1 Nf6 20. Rf2 Bd7 21. Nb1 Nh5
22. Nbc3 Bf4 23. Bd3 Bg3 24. hxg3 hxg3 25. Rd2 Qh4 26. Ne2 Nf4 27. Nxf4 exf4
28. Nc3 Rae8 29. Ne2 fxe4 30. Bxe4 Rxe4 31. Qxe4 Bf5 32. Qxf4 Qh2+ 33. Kf1 Qh1+
34. Ng1 Bd3+ 35. Rxd3 Rxf4 36. Re8+ Kf7 37. Re4 Rxe4 38. fxe4 Qh4 39. b3 Kg7
40. Ne2 Qf6+ 41. Ke1 Qa1+ 42. Kd2 Qxa3 43. Rxg3 Qb2+ 44. Ke1 Qb1+ 45. Kf2 Qxe4
46. Rf3 1/2-1/2

[Event "Calcutta"]
[Site "Calcutta"]
[Date "1986.??.??"]
[Round "?"]
[White "Anand, Viswanathan"]
[Black "Inkiov, Ventzislav"]
[Result "1-0"]
[WhiteElo "2405"]
[BlackElo "2465"]
[PlyCount "85"]
[EventDate "1986.02.??"]
[Source "ChessBase"]

1. e4 c5 2. Nf3 d6 3. d4 cxd4 4. Nxd4 Nf6 5. Nc3 Nc6 6. Bg5 e6 7. Qd2 Be7 8.
O-O-O O-O 9. Nb3 a5 10. a4 d5 11. Bb5 Nb4 12. Rhe1 dxe4 13. Qxd8 Rxd8 14. Nxe4
Nbd5 15. c4 Nc7 16. Rxd8+ Bxd8 17. Rd1 Be7 18. Nxf6+ gxf6 19. Be3 Nxb5 20. axb5
f5 21. Nc5 e5 22. Nd7 f4 23. Bb6 f6 24. Bc7 Bxd7 25. Rxd7 Bc5 26. Bd6 Bxd6 27.
Rxd6 Rc8 28. b3 a4 29. Kb2 axb3 30. Kxb3 Kf7 31. Rd7+ Ke6 32. Rxb7 e4 33. Ra7
e3 34. fxe3 fxe3 35. Kc3 Rd8 36. Ra2 Ke5 37. b6 Ke4 38. b7 Rd3+ 39. Kb4 Rd2 40.
b8=Q Rxa2 41. Qb7+ Kd3 42. Qd5+ Ke2 43. c5 1-0

[Event "Calcutta"]
[Site "Calcutta"]
[Date "1986.??.??"]
[Round "?"]
[White "Meetei, Anathem B"]
[Black "Anand, Viswanathan"]
[Result "0-1"]
[WhiteElo "2320"]
[BlackElo "2405"]
[PlyCount "64"]
[EventDate "1986.02.??"]
[Source "ChessBase"]

1. Nf3 g6 2. e4 Bg7 3. d4 d6 4. h3 Nc6 5. Nc3 e5 6. Be3 exd4 7. Nxd4 Nge7 8.
Be2 O-O 9. O-O f5 10. Bc4+ Kh8 11. Nxc6 Nxc6 12. Qd2 Ne5 13. Be2 fxe4 14. Nxe4
Be6 15. Rad1 Qd7 16. b3 Rae8 17. f4 Nc6 18. Bf3 Bf5 19. Nf2 Bxc2 20. Rde1 Bf5
21. g4 Be6 22. b4 Bc4 23. Ne4 Bxf1 24. Rxf1 Qe6 25. b5 d5 26. bxc6 dxe4 27. Be2
Qxc6 28. Rd1 b6 29. g5 Qe6 30. Bg4 Qe7 31. Qd7 c5 32. h4 Qxd7 0-1

[Event "Calcutta"]
[Site "Calcutta"]
[Date "1986.??.??"]
[Round "?"]
[White "Prasad, Devaki V"]
[Black "Anand, Viswanathan"]
[Result "1/2-1/2"]
[WhiteElo "2360"]
[BlackElo "2405"]
[PlyCount "132"]
[EventDate "1986.02.??"]
[Source "ChessBase"]

1. e4 c5 2. Nf3 d6 3. d4 cxd4 4. Nxd4 Nf6 5. Nc3 a6 6. f4 e6 7. Bd3 Nc6 8. Nb3
Be7 9. O-O b5 10. Qf3 Bb7 11. Kh1 Qc7 12. a3 O-O 13. Bd2 Rfe8 14. Qh3 b4 15.
axb4 Nxb4 16. Na5 d5 17. e5 Ne4 18. Bxe4 dxe4 19. Nxb7 Qxb7 20. f5 Nxc2 21.
Rac1 e3 22. fxe6 fxe6 23. Qxe6+ Kh8 24. Rxc2 exd2 25. Rxd2 Bf6 26. Qd5 Qxd5 27.
Nxd5 Bxe5 28. g3 Red8 29. Rfd1 Rab8 30. Nb4 Rxd2 31. Rxd2 Bf6 32. Nxa6 Rxb2 33.
Rxb2 Bxb2 34. Nc5 Kg8 35. Kg2 Kf7 36. Kf3 Bd4 37. Ne4 Kg6 38. g4 Be5 39. h3 h6
40. Ke2 Kf7 41. Ke3 Ke6 42. Kf3 Kd5 43. Nf2 Ke6 44. Ke4 Ba1 45. Nd3 Kf6 46. Kf4
Kf7 47. Kf5 Bc3 48. Nf4 Ba1 49. Nd5 Bb2 50. Ne3 Bc1 51. Nc4 g6+ 52. Ke4 Kf6 53.
Ne5 Bb2 54. Nd3 Ba3 55. Nf4 Bd6 56. Nd5+ Kg5 57. Kf3 Be5 58. Ne3 Bd4 59. Nd5
Be5 60. Nb4 Bd6 61. Nd5 Kh4 62. Kg2 Kg5 63. Kf3 Be5 64. Nb6 Bd4 65. Nc4 Kh4 66.
Kg2 Kg5 1/2-1/2

[Event "Calcutta"]
[Site "Calcutta"]
[Date "1986.??.??"]
[Round "?"]
[White "Razuvaev, Yuri S"]
[Black "Anand, Viswanathan"]
[Result "1/2-1/2"]
[WhiteElo "2525"]
[BlackElo "2405"]
[PlyCount "63"]
[EventDate "1986.02.??"]
[Source "ChessBase"]

1. d4 Nf6 2. c4 g6 3. Nc3 d6 4. e4 Bg7 5. f3 a6 6. Be3 O-O 7. Qd2 c6 8. a4 a5
9. Bd3 Na6 10. Rd1 e5 11. Nge2 Qe7 12. O-O exd4 13. Bxd4 Ne8 14. Kh1 Bxd4 15.
Nxd4 Ng7 16. f4 f6 17. Bb1 Nc5 18. h3 Rd8 19. Bc2 Bd7 20. Nf3 Be8 21. Qf2 Bf7
22. b3 Re8 23. Rde1 Rad8 24. Nh2 Kh8 25. Ng4 Nh5 26. Ne3 Rf8 27. g4 Ng7 28. Ng2
g5 29. Ne3 gxf4 30. Qxf4 Bg6 31. Nf5 Qe5 32. Qd2 1/2-1/2

[Event "Calcutta"]
[Site "Calcutta"]
[Date "1986.??.??"]
[Round "?"]
[White "Vaidya, Arun B"]
[Black "Anand, Viswanathan"]
[Result "0-1"]
[WhiteElo "2340"]
[BlackElo "2405"]
[PlyCount "84"]
[EventDate "1986.02.??"]
[Source "ChessBase"]

1. e4 c5 2. Nf3 d6 3. d4 cxd4 4. Nxd4 Nf6 5. Nc3 a6 6. Be3 e6 7. a4 Nc6 8. Be2
Be7 9. O-O O-O 10. Kh1 Re8 11. Nb3 b6 12. f4 Qc7 13. g4 Rb8 14. g5 Nd7 15. Rf3
Bf8 16. Rh3 g6 17. Qe1 Bg7 18. Rd1 Nf8 19. Rf3 Nb4 20. Qd2 Bb7 21. Kg1 Rbd8 22.
Rf2 e5 23. Nd5 Nxd5 24. exd5 exf4 25. Bxf4 Bxb2 26. c4 Bg7 27. Bd3 Nd7 28. a5
Nc5 29. axb6 Qxb6 30. Nxc5 Qxc5 31. Kg2 a5 32. Rdf1 a4 33. Qc2 Ra8 34. Bc1 Re7
35. Bb2 Bxb2 36. Qxb2 a3 37. Qa1 Bc8 38. Qf6 Qe3 39. Rf3 Qe5 40. Qxe5 Rxe5 41.
Rxf7 Rxg5+ 42. Kh1 Bh3 0-1

[Event "Oakham YM"]
[Site "Oakham"]
[Date "1986.??.??"]
[Round "2"]
[White "Anand, Viswanathan"]
[Black "Adams, Michael"]
[Result "1-0"]
[WhiteElo "2405"]
[BlackElo "2295"]
[PlyCount "97"]
[EventDate "1986.04.??"]
[Source "ChessBase"]

1. e4 c6 2. d4 d5 3. Nc3 dxe4 4. Nxe4 Bf5 5. Ng3 Bg6 6. h4 h6 7. Nf3 Nd7 8. h5
Bh7 9. Bd3 Bxd3 10. Qxd3 Qc7 11. Bd2 O-O-O 12. O-O-O e6 13. Ne4 Ngf6 14. g3
Nxe4 15. Qxe4 Nf6 16. Qe2 Bd6 17. Kb1 Kb8 18. Ne5 Ka8 19. Nc4 Be7 20. Bf4 Qc8
21. g4 Nd5 22. Bd2 Bf6 23. Ne5 Rhf8 24. c4 Ne7 25. Bb4 Rde8 26. f4 Bxe5 27.
fxe5 f5 28. Rhf1 Qd7 29. Qf2 Rf7 30. Qh4 b6 31. Qh1 Kb7 32. Qg2 g5 33. hxg6
Nxg6 34. gxf5 Nh4 35. fxe6 Qxe6 36. Qe4 Nf5 37. Rf3 a5 38. Ba3 h5 39. b3 Nh6
40. Rxf7+ Nxf7 41. Bb2 Ng5 42. Qd3 h4 43. d5 cxd5 44. cxd5 Qg4 45. d6 h3 46.
Rc1 h2 47. Qd5+ Kb8 48. d7 Rd8 49. Qd6+ 1-0

[Event "Oakham YM"]
[Site "Oakham"]
[Date "1986.??.??"]
[Round "4"]
[White "Anand, Viswanathan"]
[Black "Pulkkinen, Kari"]
[Result "1-0"]
[WhiteElo "2405"]
[BlackElo "2245"]
[PlyCount "49"]
[EventDate "1986.04.??"]
[Source "ChessBase"]

1. e4 e5 2. Nf3 Nc6 3. Bb5 Bc5 4. c3 f5 5. d4 fxe4 6. Bxc6 dxc6 7. Nxe5 Bd6 8.
Qh5+ g6 9. Qe2 Qh4 10. O-O Bxe5 11. dxe5 Bf5 12. Nd2 O-O-O 13. f3 exf3 14. Nxf3
Qh5 15. Qf2 Kb8 16. h3 Nh6 17. Be3 a6 18. Qh4 Nf7 19. Qf6 Rhf8 20. Bc5 Bxh3 21.
Bxf8 Bxg2 22. Kxg2 Qg4+ 23. Kh2 Rd3 24. Qxf7 Qh5+ 25. Kg2 1-0

[Event "Oakham YM"]
[Site "Oakham"]
[Date "1986.??.??"]
[Round "6"]
[White "Anand, Viswanathan"]
[Black "Burgess, Mark R"]
[Result "1-0"]
[WhiteElo "2405"]
[BlackElo "2270"]
[PlyCount "95"]
[EventDate "1986.04.??"]
[Source "ChessBase"]

1. e4 e6 2. d4 d5 3. Nd2 dxe4 4. Nxe4 Nd7 5. Nf3 Ngf6 6. Nxf6+ Nxf6 7. Bd3 c5
8. O-O cxd4 9. Nxd4 Be7 10. Re1 O-O 11. c3 Nd5 12. Qh5 g6 13. Qf3 Bf6 14. Bh6
Bg7 15. Bxg7 Kxg7 16. Rad1 Qb6 17. Rd2 Nf6 18. Bf1 Bd7 19. c4 Rfd8 20. Qc3 Qc7
21. b3 Rac8 22. a4 b6 23. Nb5 Bxb5 24. Rxd8 Rxd8 25. axb5 Qf4 26. g3 Qd4 27.
Qxd4 Rxd4 28. Ra1 Rd7 29. f3 Kf8 30. Kf2 Ke7 31. Ke3 Rc7 32. Be2 Nd7 33. f4 Kd6
34. b4 e5 35. fxe5+ Kxe5 36. Rd1 Nf6 37. g4 Nd7 38. Rd5+ Ke6 39. Kd4 f6 40. c5
Ne5 41. Rd6+ Ke7 42. g5 Nd7 43. Rc6 bxc5+ 44. bxc5 Rxc6 45. bxc6 Nf8 46. gxf6+
Kxf6 47. Bg4 Ne6+ 48. Kd5 1-0

[Event "Oakham YM"]
[Site "Oakham"]
[Date "1986.??.??"]
[Round "8"]
[White "Anand, Viswanathan"]
[Black "Horvath, Csaba"]
[Result "1-0"]
[WhiteElo "2405"]
[BlackElo "2345"]
[PlyCount "105"]
[EventDate "1986.04.??"]
[Source "ChessBase"]

1. e4 d6 2. d4 Nf6 3. Nc3 g6 4. f4 Bg7 5. Nf3 O-O 6. Be3 Nc6 7. e5 dxe5 8. dxe5
Ng4 9. Bg1 f6 10. h3 Nh6 11. Bc4+ Kh8 12. Qe2 fxe5 13. fxe5 Rxf3 14. Qxf3 Nxe5
15. Qd5 Bd7 16. Be2 Qf8 17. O-O-O Nf5 18. Rh2 Bc6 19. Qc5 Ng3 20. Qf2 Nxe2+ 21.
Qxe2 Qf4+ 22. Kb1 Rf8 23. h4 h5 24. Rh3 Nc4 25. Rhd3 Kh7 26. Bd4 e5 27. Bc5 Rf7
28. Nd5 Bxd5 29. Rxd5 b6 30. g3 Qxg3 31. Qxc4 bxc5 32. a3 Rf4 33. Qxc5 Qxh4 34.
Rd7 Qf6 35. Qxc7 Kh6 36. R1d6 Qf8 37. Qc6 Rg4 38. Rd1 h4 39. Rxa7 Qf5 40. Qc3
Bf6 41. Ra6 Rg3 42. Qb4 Bg5 43. Qb8 Kh5 44. Rad6 Bf4 45. Qh8+ Kg4 46. Rf6 Qe4
47. Qh7 Kh3 48. Rfd6 Qg2 49. a4 g5 50. Re1 Kh2 51. Rdd1 h3 52. a5 Re3 53. a6
1-0

[Event "Oakham YM"]
[Site "Oakham"]
[Date "1986.??.??"]
[Round "9"]
[White "Kuczynski, Robert"]
[Black "Anand, Viswanathan"]
[Result "1/2-1/2"]
[WhiteElo "2410"]
[BlackElo "2405"]
[PlyCount "75"]
[EventDate "1986.04.??"]
[Source "ChessBase"]

1. e4 c5 2. Nf3 e6 3. d4 cxd4 4. Nxd4 Nf6 5. Nc3 d6 6. Be2 Be7 7. O-O Nc6 8.
Be3 O-O 9. Kh1 Bd7 10. Nb3 a6 11. a4 b6 12. f4 Qc7 13. Bf3 Rab8 14. Bf2 Rfe8
15. Qe2 Bc8 16. Bh4 Bb7 17. Qf2 Nd7 18. Bxe7 Nxe7 19. Rad1 Nf6 20. Rd3 e5 21.
Qd2 exf4 22. Qxf4 Rbd8 23. Qg3 Ng6 24. Rd4 Ne5 25. Be2 Qe7 26. Rfd1 g6 27. h3
Qc7 28. Qh4 Re6 29. Qf4 Qe7 30. R4d2 Nc6 31. Bc4 Nxe4 32. Bxe6 Nxd2 33. Bxf7+
Qxf7 34. Qxf7+ Kxf7 35. Rxd2 Ne5 36. Nd4 Ke7 37. b3 Rf8 38. Kg1 1/2-1/2

[Event "Philadelphia op"]
[Site "Philadelphia"]
[Date "1986.??.??"]
[Round "?"]
[White "Anand, Viswanathan"]
[Black "Dlugy, Maxim"]
[Result "1/2-1/2"]
[WhiteElo "2405"]
[BlackElo "2545"]
[PlyCount "96"]
[EventDate "1986.07.??"]
[Source "ChessBase"]
[SourceDate "1997.11.17"]

1. e4 c5 2. Nf3 Nc6 3. d4 cxd4 4. Nxd4 Nf6 5. Nc3 d6 6. Bg5 e6 7. Qd2 a6 8.
O-O-O h6 9. Be3 Nxd4 10. Bxd4 b5 11. f3 Qa5 12. Kb1 b4 13. Ne2 e5 14. Be3 Be6
15. Nc1 d5 16. Nb3 Qc7 17. exd5 Nxd5 18. Bd3 Be7 19. Rhe1 O-O 20. Be4 Rfd8 21.
Bxd5 Rxd5 22. Qf2 Rad8 23. Rxd5 Rxd5 24. g4 a5 25. Nd2 a4 26. Ne4 b3 27. cxb3
axb3 28. a3 Bh4 29. Ng3 f5 30. Rc1 Qd7 31. gxf5 Bxf5+ 32. Ka1 Bc2 33. Qe2 Qa4
34. Rg1 Be7 35. Nh5 Bxa3 36. Rxg7+ Kf8 37. Ra7 Qxa7 38. Bxa7 Bb4 39. Bb6 Rd1+
40. Qxd1 Bxd1 41. Be3 Kf7 42. Ng3 Bxf3 43. Bxh6 Ke6 44. Kb1 Bc5 45. Kc1 Bg1 46.
Nf1 Bg2 47. Be3 Kd7 48. Bxg1 Bxf1 1/2-1/2

[Event "Philadelphia op"]
[Site "Philadelphia"]
[Date "1986.??.??"]
[Round "?"]
[White "Kudrin, Sergey"]
[Black "Anand, Viswanathan"]
[Result "1/2-1/2"]
[WhiteElo "2460"]
[BlackElo "2405"]
[PlyCount "54"]
[EventDate "1986.07.??"]
[Source "ChessBase"]
[SourceDate "1997.11.17"]

1. e4 c5 2. Nf3 d6 3. d4 cxd4 4. Nxd4 Nf6 5. Nc3 a6 6. f4 Qc7 7. Be2 e6 8. O-O
Be7 9. a4 Nc6 10. Kh1 O-O 11. Bf3 Bd7 12. Nb3 b6 13. Qe2 Bc8 14. e5 dxe5 15.
fxe5 Nd7 16. Bf4 Bb7 17. Rae1 Nc5 18. Nxc5 bxc5 19. Be4 Nd4 20. Qh5 Bxe4 21.
Nxe4 Qc6 22. Bg5 Bxg5 23. Qxg5 h6 24. Qg4 Nxc2 25. Rc1 Ne3 26. Qf3 Nd5 27. b3
Rac8 1/2-1/2

[Event "Philadelphia op"]
[Site "Philadelphia"]
[Date "1986.??.??"]
[Round "?"]
[White "Sax, Gyula"]
[Black "Anand, Viswanathan"]
[Result "0-1"]
[WhiteElo "2545"]
[BlackElo "2405"]
[PlyCount "60"]
[EventDate "1986.07.??"]
[Source "ChessBase"]
[SourceDate "1997.11.17"]

1. e4 c5 2. Nf3 e6 3. d4 cxd4 4. Nxd4 Nf6 5. Nc3 d6 6. Be3 a6 7. Qd2 b5 8. f3
Bb7 9. O-O-O Nbd7 10. g4 h6 11. h4 b4 12. Nce2 d5 13. exd5 Nxd5 14. Nf4 Nxe3
15. Qxe3 Qb6 16. Bc4 O-O-O 17. Nd3 Qc7 18. Bb3 Nc5 19. Kb1 Nxd3 20. Qxd3 Bc5
21. c3 Kb8 22. Qe2 bxc3 23. bxc3 Bb6 24. Rd3 e5 25. Nf5 Rxd3 26. Qxd3 Rd8 27.
Qc4 Qxc4 28. Bxc4 Bxf3 29. Re1 Bxg4 30. Nxg7 Rg8 0-1

[Event "Lloyds Bank op"]
[Site "London"]
[Date "1986.??.??"]
[Round "7"]
[White "Anand, Viswanathan"]
[Black "McDonald, Neil R"]
[Result "1-0"]
[WhiteElo "2420"]
[BlackElo "2495"]
[PlyCount "89"]
[EventDate "1986.08.??"]
[Source "ChessBase"]
[SourceDate "1999.11.16"]

1. e4 e6 2. d4 d5 3. Nc3 Bb4 4. e5 Ne7 5. a3 Bxc3+ 6. bxc3 c5 7. Qg4 Qc7 8.
Qxg7 Rg8 9. Qxh7 cxd4 10. Ne2 Nbc6 11. f4 dxc3 12. Qd3 Bd7 13. Rb1 O-O-O 14.
Nxc3 Nf5 15. g3 Kb8 16. Nb5 Qa5+ 17. Qd2 Rh8 18. Bg2 Qa6 19. Qd3 Na5 20. Nd6
Qxd3 21. cxd3 Nxd6 22. exd6 b6 23. O-O Nb7 24. f5 Nc5 25. Bg5 Rdg8 26. Bf6 Rh6
27. fxe6 fxe6 28. d4 Ne4 29. Bxe4 dxe4 30. Be5 Rh7 31. Rbc1 Rc8 32. Rc7 Rxc7
33. dxc7+ Kb7 34. h4 b5 35. Kh2 Rh5 36. Rf4 Rf5 37. Rxe4 Rf3 38. h5 Bc6 39. Re1
Rf2+ 40. Kh3 Bg2+ 41. Kh4 Bf1 42. g4 Be2 43. Bg3 Rg2 44. Rxe2 Rxe2 45. h6 1-0

[Event "Lloyds Bank op"]
[Site "London"]
[Date "1987.??.??"]
[Round "1"]
[White "Anand, Viswanathan"]
[Black "Wicker, Kevin J"]
[Result "1-0"]
[WhiteElo "2505"]
[BlackElo "2300"]
[PlyCount "71"]
[EventDate "1987.??.??"]
[Source "ChessBase"]

1. e4 e6 2. d4 d5 3. Nc3 Bb4 4. e5 b6 5. Nf3 Qd7 6. a3 Bxc3+ 7. bxc3 Ne7 8. Bd3
Ba6 9. O-O Bxd3 10. Qxd3 Nbc6 11. Kh1 Na5 12. Ng5 h6 13. Nh3 Nc4 14. Nf4 g6 15.
h4 O-O-O 16. h5 g5 17. Nh3 f5 18. exf6 Nf5 19. g4 Nfd6 20. f4 gxf4 21. Nxf4 Ne4
22. Ng6 e5 23. Qf3 exd4 24. f7 Kb7 25. Nxh8 Rxh8 26. cxd4 Ncd6 27. f8=Q Rxf8
28. Qxf8 Ng3+ 29. Kg2 Nxf1 30. Qf3 Ne4 31. Kxf1 Qa4 32. Bxh6 Qxd4 33. Rd1 Qc5
34. Bf4 Qc4+ 35. Qd3 Qc5 36. Qxd5+ 1-0

[Event "Lloyds Bank op"]
[Site "London"]
[Date "1987.??.??"]
[Round "6"]
[White "Knott, Simon JB"]
[Black "Anand, Viswanathan"]
[Result "1/2-1/2"]
[WhiteElo "2350"]
[BlackElo "2505"]
[PlyCount "97"]
[EventDate "1987.??.??"]
[Source "ChessBase"]

1. c4 Nf6 2. Nc3 d6 3. d4 c6 4. Nf3 Bf5 5. Nh4 Bg4 6. h3 Bh5 7. g4 Bg6 8. Nxg6
hxg6 9. Bg2 Nbd7 10. d5 Rc8 11. Be3 Nb6 12. Qb3 e6 13. Rd1 exd5 14. cxd5 c5 15.
O-O Be7 16. f4 O-O 17. g5 Nfd7 18. Ne4 Rb8 19. h4 Nc8 20. Bc1 Re8 21. Qg3 Bf8
22. h5 gxh5 23. f5 g6 24. fxg6 fxg6 25. Nf6+ Kh8 26. Bh3 Ncb6 27. Nxe8 Qxe8 28.
Be6 Ne5 29. b3 Bg7 30. Bb2 Nbd7 31. Ba1 Nf8 32. Bh3 Qe7 33. Rf2 Nh7 34. Rg2 Rf8
35. Be6 b5 36. Rf1 Rxf1+ 37. Kxf1 Nf8 38. Qh3 c4 39. bxc4 Nxc4 40. Bxg7+ Qxg7
41. Rf2 Nh7 42. Kg2 Nxg5 43. Qh4 Qe5 44. Qf4 Qxf4 45. Rxf4 Kg7 46. Kf2 a5 47.
a4 Na3 48. axb5 Nxb5 49. Ra4 1/2-1/2

[Event "Lloyds Bank op"]
[Site "London"]
[Date "1987.??.??"]
[Round "7"]
[White "Anand, Viswanathan"]
[Black "Adams, Michael"]
[Result "1-0"]
[WhiteElo "2505"]
[BlackElo "2360"]
[PlyCount "37"]
[EventDate "1987.??.??"]
[Source "ChessBase"]

1. e4 c6 2. d4 d5 3. exd5 cxd5 4. c4 Nf6 5. Nc3 e6 6. Nf3 Be7 7. cxd5 Nxd5 8.
Bd3 Nc6 9. O-O O-O 10. a3 Nf6 11. Bc2 b6 12. Re1 Ba6 13. b4 Rc8 14. Bb2 Nd5 15.
b5 Nxc3 16. Qd3 g6 17. Bxc3 Qc7 18. bxa6 Na5 19. Bxa5 1-0